000 00917cam a22001934a 4500
005 20250605164400.0
008 250528s ||||||||||||||||||||||||d
035 _a24521
040 _aGR-AtMCL
_bgre
_dGR-AtMCL
_eAACR2
245 1 _aΟι Νομοθετικές Παρεμβάσεις Αλλάζουν και Πάλι τα Δεδομένα / Αγορά Γάλακτος
260 _c2014
300 _a34
520 _aΤι Προσδοκούν οι Αυριανοί Επαγγελματίες των Δημοσίων Σχέσεων, Το Σχετικό και Φρέσκο Περιεχόμενο ήταν Πάντα Πρόκληση για την Επικοινωνία, Έμφαση στα Business Objectives και Όχι μόνο στα Media Metrics.
700 1 _aΚορδελάς Δημήτρης
_99464
942 _cCR
710 2 _aThe Marketing Week
_99825
999 _c9398
_d9398